[Event "Cuiaba op"]
[Site "Cuiaba"]
[Date "2011.10.23"]
[Round "5"]
[White "Leitao, Rafael Duailibe"]
[Black "Rodriguez Vila, Andres"]
[Result "1/2-1/2"]
[WhiteElo "2622"]
[BlackElo "2505"]
[PlyCount "38"]
[EventDate "2011.10.21"]
[EventType "swiss"]
[EventRounds "6"]
[EventCountry "BRA"]
[SourceTitle "EXT 2013"]
[Source "ChessBase"]
[SourceDate "2012.11.22"]
[SourceVersion "1"]
[SourceVersionDate "2012.11.22"]
[SourceQuality "1"]

1. Nf3 d5 2. d4 e6 3. c4 Nf6 4. g3 c6 5. Qc2 Nbd7 6. Bg2 Bd6 7. O-O O-O 8. Nbd2
Qe7 9. e4 Nxe4 10. Nxe4 dxe4 11. Qxe4 Re8 12. Bf4 Nf6 13. Bxd6 Nxe4 14. Bxe7
Rxe7 15. Rfe1 Nd6 16. b3 f6 17. Re2 Bd7 18. Rae1 Kf7 19. h4 Ree8 1/2-1/2

[Event "Cuiaba op"]
[Site "Cuiaba"]
[Date "2011.10.23"]
[Round "6"]
[White "Rodriguez Vila, Andres"]
[Black "Mareco, Sandro"]
[Result "0-1"]
[WhiteElo "2505"]
[BlackElo "2597"]
[PlyCount "76"]
[EventDate "2011.10.21"]
[EventType "swiss"]
[EventRounds "6"]
[EventCountry "BRA"]
[SourceTitle "EXT 2013"]
[Source "ChessBase"]
[SourceDate "2012.11.22"]
[SourceVersion "1"]
[SourceVersionDate "2012.11.22"]
[SourceQuality "1"]

1. e4 c5 2. Ne2 d6 3. c4 Nf6 4. Nbc3 b6 5. d4 cxd4 6. Nxd4 Bb7 7. f3 e6 8. Be3
Be7 9. Qd2 O-O 10. Be2 Nbd7 11. O-O Qc7 12. Ndb5 Qb8 13. a4 Nc5 14. Rad1 Rd8
15. b4 a6 16. Nd4 Qc7 17. Qa2 Ncd7 18. Rc1 a5 19. Ncb5 Qb8 20. c5 bxc5 21. Nxe6
fxe6 22. bxc5 Ra6 23. c6 Rxc6 24. Rxc6 Bxc6 25. Nd4 Ne5 26. f4 Bxe4 27. Qxe6+
Nf7 28. Bc4 d5 29. Nc6 Rd6 30. Nxe7+ Kf8 31. Ng6+ hxg6 32. Bc5 dxc4 33. Qxc4
Kg8 34. Bxd6 Qxd6 35. Re1 Qxf4 36. Rd1 Qe3+ 37. Kf1 Qf4+ 38. Kg1 Ng4 0-1

[Event "Mario Covas 10th"]
[Site "Santos"]
[Date "2011.11.29"]
[Round "5"]
[White "Rodriguez Vila, Andres"]
[Black "Milos, Gilberto"]
[Result "1/2-1/2"]
[WhiteElo "2481"]
[BlackElo "2597"]
[PlyCount "64"]
[EventDate "2011.11.26"]
[EventType "tourn"]
[EventRounds "9"]
[EventCountry "BRA"]
[EventCategory "9"]
[SourceTitle "CBM 145 Extra"]
[Source "ChessBase"]
[SourceDate "2012.01.03"]
[SourceVersion "1"]
[SourceVersionDate "2012.01.03"]
[SourceQuality "1"]

1. f4 e5 2. fxe5 d6 3. exd6 Bxd6 4. Nf3 g5 5. g3 g4 6. Nh4 Ne7 7. d4 Ng6 8.
Nxg6 hxg6 9. Qd3 Nc6 10. c3 Bf5 11. e4 Qe7 12. Bg2 O-O-O 13. Be3 Be6 14. Bf2
Be5 15. Nd2 Bg7 16. O-O-O Bxa2 17. Qc2 Rh5 18. d5 Ne5 19. Bxa7 Bc4 20. Qa4 Ba6
21. Bd4 Bh6 22. Bf1 Bxf1 23. Rhxf1 Nf3 24. Qa8+ Kd7 25. Qxb7 Ke8 26. Rxf3 gxf3
27. Qc6+ Qd7 28. Qf6 Ra8 29. Bc5 Ra1+ 30. Kc2 Qa4+ 31. Kd3 Qb5+ 32. Kc2 Qa4+
1/2-1/2

[Event "Mario Covas 10th"]
[Site "Santos"]
[Date "2011.11.30"]
[Round "7"]
[White "Rodriguez Vila, Andres"]
[Black "Fusco, Leonardo"]
[Result "1/2-1/2"]
[WhiteElo "2481"]
[BlackElo "2383"]
[PlyCount "70"]
[EventDate "2011.11.26"]
[EventType "tourn"]
[EventRounds "9"]
[EventCountry "BRA"]
[EventCategory "9"]
[SourceTitle "CBM 145 Extra"]
[Source "ChessBase"]
[SourceDate "2012.01.03"]
[SourceVersion "1"]
[SourceVersionDate "2012.01.03"]
[SourceQuality "1"]

1. f4 d5 2. g3 h5 3. Bg2 h4 4. Nc3 Nf6 5. d3 Nc6 6. gxh4 Bg4 7. Nf3 d4 8. Ne4
Nxe4 9. dxe4 Bxf3 10. exf3 e5 11. fxe5 Qxh4+ 12. Kf1 O-O-O 13. Qe1 Qh5 14. Qe2
Qxe5 15. f4 Qc5 16. a3 Kb8 17. b4 Qc3 18. Rb1 d3 19. cxd3 Rxd3 20. Bb2 Qb3 21.
Kf2 Be7 22. Rhd1 Rxd1 23. Qxd1 Qe6 24. Bxg7 Rxh2 25. Qf3 f6 26. Rh1 Qa2+ 27.
Kg3 Rxh1 28. Bxh1 a5 29. bxa5 Nd4 30. Qd3 Qg8 31. Qxd4 Qxg7+ 32. Kf3 Qh6 33.
Bg2 Qh5+ 34. Kg3 Qxa5 35. a4 Qe1+ 1/2-1/2

[Event "Santos Paulista-ch"]
[Site "Santos"]
[Date "2011.12.02"]
[Round "1"]
[White "Rodriguez Vila, Andres"]
[Black "Guimaraes Cruz, Artemis Pamela"]
[Result "1-0"]
[WhiteElo "2481"]
[BlackElo "2028"]
[PlyCount "87"]
[EventDate "2011.12.02"]
[EventType "swiss"]
[EventRounds "6"]
[EventCountry "BRA"]
[SourceTitle "CBM 146 Extra"]
[Source "ChessBase"]
[SourceDate "2012.02.29"]
[SourceVersion "1"]
[SourceVersionDate "2012.02.29"]
[SourceQuality "1"]

1. f4 d5 2. Nf3 Bg4 3. e3 Nf6 4. h3 Bxf3 5. Qxf3 e6 6. b3 Ne4 7. g3 Be7 8. Kd1
Bf6 9. c3 Nd7 10. Bb2 Qe7 11. d3 Nd6 12. Nd2 O-O-O 13. Kc2 c6 14. d4 Kb8 15.
Ba3 c5 16. dxc5 Ne4 17. Nxe4 dxe4 18. Qxe4 Nxc5 19. Qc4 Qd7 20. Rh2 Na6 21. Qb5
Qc8 22. Qc4 Qd7 23. Qa4 Qxa4 24. bxa4 Rc8 25. Bd6+ Ka8 26. Be5 Bxe5 27. fxe5
Nc5 28. Rf2 Ne4 29. Rf4 Rxc3+ 30. Kb2 Rxe3 31. Rxf7 Rd8 32. Rd1 Rc8 33. Rd3 Re1
34. Ka3 a5 35. Bg2 Rc4 36. Rb3 Rg1 37. Bxe4 Rxe4 38. Rxg7 Rxe5 39. Rxh7 Rg2 40.
Rbxb7 Rxg3+ 41. Rb3 Rge3 42. h4 R3e4 43. h5 Rh4 44. Rg3 1-0

[Event "Santos Paulista-ch"]
[Site "Santos"]
[Date "2011.12.02"]
[Round "2"]
[White "Gallo Ponce, Elbert"]
[Black "Rodriguez Vila, Andres"]
[Result "1/2-1/2"]
[WhiteElo "2243"]
[BlackElo "2481"]
[PlyCount "80"]
[EventDate "2011.12.02"]
[EventType "swiss"]
[EventRounds "6"]
[EventCountry "BRA"]
[SourceTitle "CBM 146 Extra"]
[Source "ChessBase"]
[SourceDate "2012.02.29"]
[SourceVersion "1"]
[SourceVersionDate "2012.02.29"]
[SourceQuality "1"]

1. Nf3 f5 2. b3 d6 3. d4 Nf6 4. g3 g6 5. Bg2 Bg7 6. O-O O-O 7. Bb2 c6 8. Nbd2
a5 9. a3 Qc7 10. c4 Na6 11. Qc2 Re8 12. c5 Ne4 13. Nxe4 fxe4 14. Qxe4 dxc5 15.
Qc2 cxd4 16. Bxd4 e5 17. Bb2 Qb6 18. b4 axb4 19. Ng5 Nc5 20. axb4 Rxa1 21. Rxa1
Qxb4 22. Ba3 Qd4 23. Rb1 Ne6 24. Nxe6 Bxe6 25. Rxb7 Rd8 26. Bf1 Qd1 27. Qb1
Qxb1 28. Rxb1 Bf8 29. Bxf8 Kxf8 30. Rc1 Ke7 31. f4 Rf8 32. fxe5 Rc8 33. Kf2 c5
34. Rc3 Rf8+ 35. Ke1 Ra8 36. Kd2 Ra1 37. Bg2 g5 38. Be4 h6 39. Ke3 g4 40. Rc2
Ra3+ 1/2-1/2

[Event "Santos Paulista-ch"]
[Site "Santos"]
[Date "2011.12.03"]
[Round "3"]
[White "Rodriguez Vila, Andres"]
[Black "Feliciano Ebert, Vanessa"]
[Result "1/2-1/2"]
[WhiteElo "2481"]
[BlackElo "2177"]
[PlyCount "73"]
[EventDate "2011.12.02"]
[EventType "swiss"]
[EventRounds "6"]
[EventCountry "BRA"]
[SourceTitle "CBM 146 Extra"]
[Source "ChessBase"]
[SourceDate "2012.02.29"]
[SourceVersion "1"]
[SourceVersionDate "2012.02.29"]
[SourceQuality "1"]

1. f4 d5 2. Nf3 Bg4 3. e3 Nd7 4. Be2 Ngf6 5. O-O Bxf3 6. Bxf3 e5 7. d4 e4 8.
Be2 Bd6 9. c4 c6 10. Nc3 dxc4 11. g4 Qe7 12. Bxc4 Nb6 13. Bb3 h6 14. a4 Nbd5
15. Bxd5 cxd5 16. Qb3 O-O-O 17. a5 Kb8 18. a6 b6 19. Bd2 Nxg4 20. Qb5 Qh4 21.
Qe2 Nf6 22. Rf2 g5 23. fxg5 hxg5 24. Rg2 g4 25. Nb5 Qg5 26. Be1 Ka8 27. Rc1
Bxh2+ 28. Rxh2 Rxh2 29. Kxh2 Qh6+ 30. Kg1 Rh8 31. Bg3 Qh1+ 32. Kf2 Qxc1 33.
Nc7+ Kb8 34. Nxd5+ Ka8 35. Nc7+ Kb8 36. Nd5+ Ka8 37. Nc7+ 1/2-1/2

[Event "Santos Paulista-ch"]
[Site "Santos"]
[Date "2011.12.03"]
[Round "4"]
[White "Rodriguez Vila, Andres"]
[Black "Goncalves, Ivan Mesquita V"]
[Result "1-0"]
[WhiteElo "2481"]
[BlackElo "2067"]
[PlyCount "95"]
[EventDate "2011.12.02"]
[EventType "swiss"]
[EventRounds "6"]
[EventCountry "BRA"]
[SourceTitle "CBM 146 Extra"]
[Source "ChessBase"]
[SourceDate "2012.02.29"]
[SourceVersion "1"]
[SourceVersionDate "2012.02.29"]
[SourceQuality "1"]

1. e4 c6 2. d4 d5 3. Nd2 dxe4 4. Nxe4 Nd7 5. Ng5 Ngf6 6. Bd3 e6 7. Qe2 Bd6 8.
N1f3 h6 9. Nh3 g5 10. Nd2 c5 11. Nc4 Be7 12. f4 cxd4 13. fxg5 hxg5 14. Nxg5 Nc5
15. Ne5 Nxd3+ 16. cxd3 Qa5+ 17. Bd2 Bb4 18. Ngxf7 Bxd2+ 19. Qxd2 Qxd2+ 20. Kxd2
Rg8 21. g3 Rg7 22. Nd6+ Ke7 23. Nec4 Bd7 24. Rac1 Rg5 25. h4 Rh5 26. Rhe1 b5
27. g4 Rd5 28. Nf5+ Rxf5 29. gxf5 bxc4 30. dxc4 Rg8 31. Re2 Nh5 32. fxe6 Bxe6
33. Re5 Rg2+ 34. Kd3 Rg3+ 35. Kc2 Ng7 36. c5 Kd7 37. Re4 Rg2+ 38. Kd3 Rxb2 39.
Rxd4+ Kc7 40. Ra4 Kb7 41. Kc3 Rh2 42. a3 Kb8 43. c6 Rh3+ 44. Kd2 Rh2+ 45. Ke1
Rb2 46. h5 Rh2 47. Rb1+ Kc8 48. Rxa7 1-0

[Event "Santos Paulista-ch"]
[Site "Santos"]
[Date "2011.12.04"]
[Round "5"]
[White "Barreto Filho, Carlos Alberto"]
[Black "Rodriguez Vila, Andres"]
[Result "0-1"]
[WhiteElo "2307"]
[BlackElo "2481"]
[PlyCount "55"]
[EventDate "2011.12.02"]
[EventType "swiss"]
[EventRounds "6"]
[EventCountry "BRA"]
[SourceTitle "CBM 146 Extra"]
[Source "ChessBase"]
[SourceDate "2012.02.29"]
[SourceVersion "1"]
[SourceVersionDate "2012.02.29"]
[SourceQuality "1"]

1. d4 f5 2. b3 Nf6 3. Bb2 e6 4. e3 c6 5. h3 d5 6. Nd2 Bd6 7. g4 O-O 8. g5 Ne4
9. f4 c5 10. Nxe4 fxe4 11. c3 Nc6 12. Ne2 a5 13. Bg2 cxd4 14. cxd4 Nb4 15. O-O
Nd3 16. Bc3 Ba3 17. Ng3 g6 18. Nxe4 dxe4 19. Bxe4 Nb4 20. Bxb4 Bxb4 21. h4 Ra7
22. h5 gxh5 23. Qxh5 b6 24. Rf2 Rff7 25. Rh2 Rxf4 26. Bxh7+ Kf8 27. Bg6 Ke7 28.
Rc1 0-1

[Event "Buenos Aires Duchamp Memorial 3rd"]
[Site "Buenos Aires"]
[Date "2011.12.14"]
[Round "1"]
[White "Rodriguez Vila, Andres"]
[Black "Lemos, Damian"]
[Result "1-0"]
[WhiteElo "2481"]
[BlackElo "2542"]
[PlyCount "97"]
[EventDate "2011.12.14"]
[EventType "tourn"]
[EventRounds "10"]
[EventCountry "ARG"]
[EventCategory "13"]
[SourceTitle "CBM 147"]
[Source "ChessBase"]
[SourceDate "2012.03.16"]
[SourceVersion "1"]
[SourceVersionDate "2012.03.16"]
[SourceQuality "1"]

1. d4 Nf6 2. c4 g6 3. g3 Bg7 4. Bg2 O-O 5. Nc3 d6 6. Nf3 Nc6 7. O-O a6 8. Bf4
Bd7 9. Rc1 Rb8 10. Qd2 b5 11. cxb5 axb5 12. d5 Na5 13. b3 b4 14. Nd1 c6 15.
dxc6 Nxc6 16. Bh6 Qa5 17. Bxg7 Kxg7 18. Ne3 Rfc8 19. Qb2 Qa3 20. Qxa3 bxa3 21.
Nc2 Nd5 22. Ne5 Nxe5 23. Bxd5 Rc5 24. Ne3 Rbc8 25. Rxc5 Rxc5 26. b4 Rc3 27. Bb3
e6 28. Rd1 Bb5 29. Kf1 Nc6 30. Nc2 Bc4 31. Ba4 Bxa2 32. b5 Rc4 33. Ra1 Nd4 34.
Rxa2 Rxa4 35. Rxa3 Rc4 36. Nxd4 Rxd4 37. Rb3 Ra4 38. b6 Ra8 39. e4 Kf6 40. Ke2
Rc8 41. Kd3 g5 42. Rb5 h6 43. b7 Rb8 44. Kc4 Ke7 45. Rb6 Kd7 46. Kb5 Ke7 47.
Ka6 d5 48. exd5 exd5 49. Ka7 1-0

[Event "Buenos Aires Duchamp Memorial 3rd"]
[Site "Buenos Aires"]
[Date "2011.12.15"]
[Round "2"]
[White "Rodriguez Vila, Andres"]
[Black "Flores, Diego"]
[Result "1/2-1/2"]
[WhiteElo "2481"]
[BlackElo "2602"]
[Annotator "Let's Check"]
[PlyCount "186"]
[EventDate "2011.12.14"]
[EventType "tourn"]
[EventRounds "10"]
[EventCountry "ARG"]
[EventCategory "13"]
[SourceTitle "CBM 147"]
[Source "ChessBase"]
[SourceDate "2012.03.16"]
[SourceVersion "1"]
[SourceVersionDate "2012.03.16"]
[SourceQuality "1"]

1. d4 Nf6 2. c4 g6 3. g3 Bg7 4. Bg2 O-O 5. Nc3 d6 6. Nf3 Nc6 7. O-O a6 8. b3
Rb8 9. Nd5 e6 10. Nxf6+ Qxf6 11. Bg5 Qf5 12. Qd2 Nxd4 13. Nxd4 Bxd4 14. Qxd4
Qxg5 15. Qa7 Bd7 16. Bxb7 Qa5 17. Bf3 Qb6 18. Qxb6 Rxb6 19. c5 Rb4 20. c6 Be8
21. Rfc1 f5 22. Rc4 Rb6 23. Rac1 Kf7 24. e3 d5 25. Ra4 Bxc6 26. Rh4 h5 27. a4
a5 28. b4 Bxa4 29. Rxc7+ Kf6 30. Ra7 Rc8 31. Kg2 Rc1 32. bxa5 Bb5 33. g4 Kg5 $2
(33... Rb8 34. h3 e5 $19) 34. axb6 $11 Kxh4 35. h3 fxg4 36. hxg4 hxg4 37. Rh7+
Kg5 38. b7 Rb1 39. Kg3 Bc6 40. Bxg4 Kf6 41. Rh8 Bxb7 42. Rf8+ Ke7 43. Rg8 Kf7
44. Rb8 g5 45. Be2 d4 46. exd4 Rg1+ 47. Kh3 Bd5 48. Bh5+ Kg7 49. Bg4 Rc1 50.
Re8 Kf7 51. Bh5+ Kf6 52. Rf8+ Kg7 53. Rf7+ Kh6 54. Bg4 Kg6 55. Rd7 Rc4 56. Kg3
Kf6 57. Rd6 Ke7 58. Ra6 Rxd4 59. f3 Rd2 60. Rb6 Kf6 61. Rb8 Bc4 62. Bh3 Bd5 63.
Bg4 Rc2 64. Rf8+ Kg7 65. Rd8 Rc5 66. Re8 Kf7 67. Bh5+ Kf6 68. Rf8+ Kg7 69. Rf7+
Kh6 70. Bg4 Kg6 71. Rf8 Bc4 72. Kf2 Kg7 73. Rd8 Kf6 74. Ke3 Re5+ 75. Kf2 Ra5
76. Rg8 Ra2+ 77. Kg3 Ra1 78. Bh5 Bd3 79. Rf8+ Ke7 80. Rg8 Ra5 81. Bg4 Kf7 82.
Rd8 Bf5 83. Bxf5 exf5 84. Rd6 Ra2 85. Rb6 f4+ 86. Kg4 Rg2+ 87. Kf5 Rg3 88. Rb7+
Ke8 89. Ke4 g4 90. Kxf4 Rxf3+ 91. Kxg4 Rf7 92. Rb8+ Ke7 93. Rb7+ Kf6 1/2-1/2

[Event "Buenos Aires Duchamp Memorial 3rd"]
[Site "Buenos Aires"]
[Date "2011.12.17"]
[Round "4"]
[White "Rodriguez Vila, Andres"]
[Black "Meier, Georg"]
[Result "0-1"]
[WhiteElo "2481"]
[BlackElo "2659"]
[Annotator "Let's Check Training"]
[PlyCount "162"]
[EventDate "2011.12.14"]
[EventType "tourn"]
[EventRounds "10"]
[EventCountry "ARG"]
[EventCategory "13"]
[SourceTitle "CBM 147"]
[Source "ChessBase"]
[SourceDate "2012.03.16"]
[SourceVersion "1"]
[SourceVersionDate "2012.03.16"]
[SourceQuality "1"]

1. d4 Nf6 2. c4 g6 3. g3 Bg7 4. Bg2 O-O 5. Nf3 d6 6. Nc3 Nc6 7. O-O a6 8. h3
Bd7 9. Be3 Rb8 10. Qc1 b5 11. cxb5 axb5 12. d5 b4 13. dxc6 bxc3 14. b3 Bxc6 15.
Bd4 Qc8 16. Bxc3 Qa6 17. Re1 Rfe8 18. Bf1 e5 19. Nd2 Bh6 20. Qc2 Qa8 21. Nc4
Be4 22. Qb2 Bd5 23. Bd2 Bg7 24. Rec1 Nd7 25. Be3 Be6 26. Qd2 d5 27. Nb2 c5 28.
Bh6 Bxh6 29. Qxh6 c4 30. Bg2 Qa3 31. bxc4 dxc4 32. Nd1 Qc5 33. Nc3 Nf6 34. Rd1
Red8 35. Rxd8+ Rxd8 36. Qg5 Qe7 37. Ne4 Nd5 38. Qxe5 f6 39. Qd4 f5 40. Nc5 Bf7
41. Na4 Qb4 42. Nb2 c3 43. Nc4 c2 44. Rc1 Rd7 45. a3 $2 (45. Kh2 Nf6 46. Qxf6
$11) 45... Qb1 $19 46. Qb2 {[%tqu "En","","","","d5c3","",10]} Nc3 $1 47. Bf1
Qxb2 48. Nxb2 Bb3 49. e3 Na2 50. Rxc2 Bxc2 51. Bc4+ Kg7 52. Bxa2 Be4 53. f3
Bxf3 54. Kf2 Be4 55. Ke2 Ra7 56. a4 Bc2 57. Bd5 Ra5 58. Bc6 Rc5 59. Bb5 Bb3 60.
Kd3 Rc2 61. Nc4 Ra2 62. Nb6 h5 63. Kc3 Bxa4 64. Bxa4 Rg2 65. Nd5 Rxg3 66. Kd3
Rxh3 67. Ke2 h4 68. Bd7 Rh2+ 69. Kf3 Rd2 70. Bc6 g5 71. e4 h3 72. Ne3 f4 73.
Nf5+ Kf6 74. Kg4 h2 75. e5+ Kxe5 76. Nh6 Rd5 $1 77. Nf7+ Kd4 78. Nxg5 h1=Q 79.
Nf3+ Kc5 80. Bxd5 Kxd5 81. Kxf4 Qh6+ 0-1

[Event "Buenos Aires Duchamp Memorial 3rd"]
[Site "Buenos Aires"]
[Date "2011.12.18"]
[Round "5"]
[White "Mareco, Sandro"]
[Black "Rodriguez Vila, Andres"]
[Result "1/2-1/2"]
[WhiteElo "2583"]
[BlackElo "2481"]
[PlyCount "118"]
[EventDate "2011.12.14"]
[EventType "tourn"]
[EventRounds "10"]
[EventCountry "ARG"]
[EventCategory "13"]
[SourceTitle "CBM 147"]
[Source "ChessBase"]
[SourceDate "2012.03.16"]
[SourceVersion "1"]
[SourceVersionDate "2012.03.16"]
[SourceQuality "1"]

1. d4 Nf6 2. c4 g6 3. g3 Bg7 4. Bg2 O-O 5. Nc3 d6 6. Nf3 Nc6 7. O-O a6 8. Qd3
Nd7 9. Be3 e5 10. Qd2 exd4 11. Nxd4 Nce5 12. b3 Ng4 13. Bg5 Ndf6 14. Nd5 c6 15.
Nxf6+ Bxf6 16. Bxf6 Qxf6 17. f4 d5 18. cxd5 cxd5 19. h3 Nh6 20. g4 Qb6 21. Rad1
Kg7 22. Qe3 Qd8 23. Bxd5 Re8 24. Qc3 f6 25. Bxb7 Bxb7 26. Nf5+ gxf5 27. Rxd8
Raxd8 28. Qc7+ Nf7 29. Qxb7 Rxe2 30. Rf2 Rd1+ 31. Kg2 Rxf2+ 32. Kxf2 Rd2+ 33.
Ke1 Rxa2 34. g5 fxg5 35. fxg5 Ra5 36. h4 Rb5 37. Qf3 h6 38. gxh6+ Nxh6 39. Qc3+
Kg6 40. Qc6+ Kh5 41. Qf6 f4 42. Qxf4 Ng4 43. Qg3 a5 44. Kd2 Rf5 45. Kc2 Ne5 46.
Qh3 Rf2+ 47. Kb1 Ng6 48. Qe3 Rf5 49. Qe8 Kh6 50. Qe4 Rh5 51. Qe3+ Kh7 52. Qe4
Kh6 53. Qe3+ Kh7 54. Qd3 Kh6 55. Qd2+ Kh7 56. Qc2 Kh6 57. Qd2+ Kh7 58. Kb2 Nxh4
59. Qc2+ Kh6 1/2-1/2

[Event "Buenos Aires Duchamp Memorial 3rd"]
[Site "Buenos Aires"]
[Date "2011.12.19"]
[Round "6"]
[White "Lemos, Damian"]
[Black "Rodriguez Vila, Andres"]
[Result "1-0"]
[WhiteElo "2542"]
[BlackElo "2481"]
[Annotator "Let's Check"]
[PlyCount "89"]
[EventDate "2011.12.14"]
[EventType "tourn"]
[EventRounds "10"]
[EventCountry "ARG"]
[EventCategory "13"]
[SourceTitle "CBM 147"]
[Source "ChessBase"]
[SourceDate "2012.03.16"]
[SourceVersion "1"]
[SourceVersionDate "2012.03.16"]
[SourceQuality "1"]

1. d4 Nf6 2. c4 g6 3. g3 Bg7 4. Bg2 O-O 5. Nc3 d6 6. Nf3 Nc6 7. O-O a6 8. Qd3
Bg4 9. d5 Nb4 10. Qd1 a5 11. h3 Bd7 12. e4 e5 13. Ne1 c6 14. dxc6 Bxc6 15. Be3
Qe7 16. Qe2 Rfc8 17. Rb1 a4 18. Nd3 Na6 19. b4 axb3 20. axb3 Qe8 21. Rfd1 Bf8
22. b4 b5 23. cxb5 Bxb5 24. Nxb5 Qxb5 25. Qf3 Bg7 26. Bf1 Qb7 27. b5 Nc7 28.
Nb4 Ne6 29. Rxd6 Ra3 30. Nc6 Nd4 31. Nxd4 Nxe4 32. Nc2 $6 (32. Nf5 $1 gxf5 33.
Rd3 $18) 32... Rxe3 $16 33. Nxe3 Nxd6 34. Qd1 Bf8 35. b6 Rd8 36. Qb3 Qb8 $6 (
36... e4 37. Rd1 $16) 37. Bg2 $18 Nb7 38. Rc1 Nc5 39. Qb5 Ne6 40. b7 Nd4 41.
Qa6 Qd6 42. Qxd6 Bxd6 43. Rc8 Rf8 44. Nc4 Bb8 45. Nb6 1-0

[Event "Buenos Aires Duchamp Memorial 3rd"]
[Site "Buenos Aires"]
[Date "2011.12.20"]
[Round "7"]
[White "Flores, Diego"]
[Black "Rodriguez Vila, Andres"]
[Result "1/2-1/2"]
[WhiteElo "2602"]
[BlackElo "2481"]
[PlyCount "60"]
[EventDate "2011.12.14"]
[EventType "tourn"]
[EventRounds "10"]
[EventCountry "ARG"]
[EventCategory "13"]
[SourceTitle "CBM 147"]
[Source "ChessBase"]
[SourceDate "2012.03.16"]
[SourceVersion "1"]
[SourceVersionDate "2012.03.16"]
[SourceQuality "1"]

1. d4 Nf6 2. c4 g6 3. g3 Bg7 4. Bg2 O-O 5. Nc3 d6 6. Nf3 Nc6 7. O-O a6 8. d5
Na5 9. b3 c5 10. Bb2 Rb8 11. Nd2 b5 12. Qc2 e5 13. Rae1 bxc4 14. bxc4 Bh6 15.
Bc1 Nh5 16. e3 f5 17. f4 exf4 18. exf4 Bg7 19. Nd1 Bd4+ 20. Kh1 Nf6 21. Nb2 Ne4
22. Nxe4 fxe4 23. Bxe4 Bh3 24. Bg2 Bf5 25. Be4 Bh3 26. Bg2 Bf5 27. Be4 Bh3 28.
Bg2 Bf5 29. Be4 Bh3 30. Bg2 Bf5 1/2-1/2

[Event "Buenos Aires Duchamp Memorial 3rd"]
[Site "Buenos Aires"]
[Date "2011.12.23"]
[Round "10"]
[White "Rodriguez Vila, Andres"]
[Black "Mareco, Sandro"]
[Result "1-0"]
[WhiteElo "2481"]
[BlackElo "2583"]
[PlyCount "69"]
[EventDate "2011.12.14"]
[EventType "tourn"]
[EventRounds "10"]
[EventCountry "ARG"]
[EventCategory "13"]
[SourceTitle "CBM 147"]
[Source "ChessBase"]
[SourceDate "2012.03.16"]
[SourceVersion "1"]
[SourceVersionDate "2012.03.16"]
[SourceQuality "1"]

1. d4 Nf6 2. c4 g6 3. Nc3 Bg7 4. g3 O-O 5. Bg2 d6 6. Nf3 Nc6 7. O-O a6 8. b3
Rb8 9. Nd5 Nh5 10. Ba3 e6 11. Nb4 Ne7 12. Rc1 Nf6 13. c5 b5 14. cxb6 cxb6 15.
Nc6 Nxc6 16. Rxc6 Ne8 17. Qd2 Bb7 18. Rc2 Nc7 19. Rfc1 Nb5 20. Bb2 Be4 21. Rc4
Bd5 22. Ra4 Bb7 23. d5 Bxb2 24. Qxb2 e5 25. Qd2 Nc7 26. Ng5 h6 27. Ne6 fxe6 28.
Qxh6 Rf7 29. Rg4 Rg7 30. Rxg6 Ne8 31. Bh3 Bxd5 32. e4 Kf7 33. exd5 Rxg6 34.
dxe6+ Kf6 35. Qf8+ 1-0

[Event "Caxias do Sul op 12th"]
[Site "Caxias do Sul"]
[Date "2012.03.03"]
[Round "5"]
[White "Rodriguez Vila, Andres"]
[Black "Vescovi, Giovanni P"]
[Result "1-0"]
[WhiteElo "2518"]
[BlackElo "2604"]
[Annotator "Silver,A"]
[PlyCount "75"]
[EventDate "2012.03.03"]
[EventType "swiss (rapid)"]
[EventRounds "9"]
[EventCountry "BRA"]
[SourceTitle "CBM 147 Extra"]
[Source "ChessBase"]
[SourceDate "2012.04.24"]
[SourceVersion "1"]
[SourceVersionDate "2012.04.24"]
[SourceQuality "1"]

{This was the first round with 61-minute games.} 1. e4 c5 2. Nf3 d6 3. d4 cxd4
4. Nxd4 Nf6 5. Nc3 a6 6. h3 Nc6 7. g4 e6 8. Bg2 Nd7 9. O-O Be7 10. Be3 (10. f4
Nxd4 11. Qxd4 Qb6 12. Qxb6 Nxb6 13. a4 Nd7 14. a5 b6 15. axb6 Rb8 16. Rd1 Rxb6
17. b3 Rc6 18. Bd2 h6 19. Ra2 g5 20. Ne2 gxf4 21. Nxf4 Ne5 22. Kf2 Bh4+ 23. Ke2
Bg5 24. c4 Ke7 25. Ra3 Bd7 26. Nd3 Nxd3 27. Kxd3 Bxd2 28. Rxd2 Rb6 {1-0 Short,
N (2690)-Fluvia Poyatos,J (2499)/Sestao 2010/CBM 138 (59)}) 10... h5 11. gxh5
Qc7 12. Qe2 Nf6 13. Rad1 Rxh5 14. Nf5 $1 {This move is not winning per se, but
it certainly puts the pressure on Vescovi.} Bf8 ({Better was to take with} 
14... exf5 {but with limited time, one cannot blame Vescovi for preferring to
sidestep the complications in which he is the one in danger of capitulating at
any moment.} 15. Nd5 Nxd5 {Forced} ({since} 15... Qd7 {loses the rook after}
16. Nxf6+ Bxf6 17. Qxh5) 16. exd5 Rh7 {The rook was hanging.} 17. dxc6 bxc6 18.
Qc4 {and Black will be on the defense even if he finds this exact line.}) 15.
Rxd6 $3 {Precise and inspired.} g6 $1 (15... exf5 {is impossible due to} 16.
Rxf6 {and Qxh5.}) 16. Bf4 {Now threatening Rxe6+ winning the queen.} Qb6 17.
Rfd1 gxf5 18. e5 $1 {So far the Uruguayan's attack has been picture perfect,
and it helps that Vescovi is selling his skin as expensively as possible by
defending well.} Bxd6 19. exf6 {Again, the rook on h5 is hanging.} Rh4 20. Rxd6
Rxf4 21. Nd5 Nd4 22. Qe5 Qc5 23. b4 $3 {and now the castle of cards collapses.}
(23. Nc7+ {fails to} Qxc7 24. Rxe6+ Nxe6 {and the queen is defended.}) 23...
Ne2+ (23... Qc4 {(or similar moves) is mate.} 24. Rd8+ Kxd8 25. Qd6+ Bd7 26.
Qe7+ Kc8 27. Qf8+ Be8 28. Qxe8#) 24. Kh1 Rxb4 25. Nc7+ Qxc7 26. Rxe6+ Bxe6 27.
Qxc7 Rb1+ 28. Kh2 Kf8 {The score from chess-results ends here, but having
witnessed the game, I am providing the rest from memory.} 29. Qc5+ Kg8 30. Qe3
f4 $1 {The only move to prevent mate.} 31. Qxe2 Rb5 32. Be4 Rc8 33. Qf3 Kf8 34.
Qxf4 Rh5 {Thanks to Giovanni for helping me reconstruct it.} 35. h4 Ke8 36. Qd6
Rxh4+ 37. Kg1 Rg4+ 38. Bg2 1-0